Normal view
MARC view
- CLUTCHES BRAKES
Entry Topical Term
001 - CONTROL NUMBER
- control field: 66111
003 - CONTROL NUMBER IDENTIFIER
- control field: NUST
005 - DATE AND TIME OF LATEST TRANSACTION
- control field: 20210628203534.0
008 - FIXED-LENGTH DATA ELEMENTS
- fixed length control field: 210628|| aca||aabn | a|a d
040 ## - CATALOGING SOURCE
- Original cataloging agency: NUST
- Transcribing agency: NUST
150 ## - HEADING--TOPICAL TERM
- Topical term or geographic name entry element: CLUTCHES BRAKES
670 ## - SOURCE DATA FOUND
- Source citation: Work cat.: (NUST): ORTHWEIN, WILLIAM C 66110, CLUTCHES AND BRAKES , DESIGN AND SELECTION, 1986
